000 09493nam a22007817a 4500
005 20100409150342.0
010 _aB-408910-926 B-463522-551
020 _a9788189738471
_c995.00
035 _aB-408910-926 B-463522-551
037 _bPansy Books
082 _a796.358092
100 _a
_952199
245 _aSunil Gavaskar:
_bcricket's little master /
_ccomplied by Debasish Datta; forweorded by Geoffrey Boycott
260 _aNew Delhi
_bNiyogi Books
_c2009
270 _aD-78, Okhla Industrial Area, Phase-I,
_bNew Delhi
_e110020
300 _a300p.
_b ill. (chiefly col.)
_c25cm(Hb)
700 _aDatta ,Debasish
_91172
942 _2ddc
_cEN
_mSUN
_h796.358092
999 _c35185
_d35185